Staze, lica, predeli

Bibliographic Details
Main Author: Andrić, Ivo, 1892-1975 (Author)
Format: Book
Language:Croatian
PhysicalDescription:191, [2] s. 8°
Published: Sarajevo Svjetlost 1965
Series:Sabrana djela Ive Andrića

MARC

LEADER 00000nam a2200000 a 4500
001 vtls001373135
003 SK-MaSNL
005 20260301161201.0
008 251113s1965 YU 0 hrv
035 |a SNK000326998 
040 |a SNK  |b slo  |c SNK  |e AACR2 
041 0 |a hrv 
044 |a YU 
100 1 |a Andrić, Ivo,  |d 1892-1975  |4 aut  |9 87287 
245 1 0 |a Staze, lica, predeli  |c Ivo Andrić 
260 |a Sarajevo  |b Svjetlost  |c 1965 
300 |a 191, [2] s.  |c 8° 
490 1 |a Sabrana djela Ive Andrića  |v knj. 10 
830 0 |a Sabrana djela Ive Andrića  |9 523824 
958 |a RK 
958 |a OND 
999 |c 808482  |d 810412 
952 |t P60, <04>, [BOOK], {604}  |a SNK  |b SNK  |y VYP  |7 0  |o snkID 91884  |i snkK 2702/91  |0 0  |1 0  |4 0  |d 1999-09-24  |l 0  |r 2005-01-02 00:00:00  |w 2026-02-24